USA cities scrambled - Statistics

General Stats
  • This quiz has been taken 281 times
  • The average score is 13 of 15
Answer Stats
Scrambled Answer % Correct
iimam Miami
100%
phxenoi Phoenix
99%
aolngeelss Los Angeles
98%
yewrokn New York
97%
coacghi Chicago
96%
tmaap Tampa
94%
dotiert Detroit
89%
souotnh Houston
89%
jallekocnsvi Jacksonville
89%
dlsaal Dallas
88%
afsnansoccir San Francisco
82%
eapilomnns Minneapolis
81%
staeelt Seattle
75%
ldnaceevl Cleveland
74%
dsnaogie San Diego
57%
No matching quizzes found
Score Distribution
Percent of People with Each Score
Percentile by Number Answered
Your Score History
You have not taken this quiz